00487nam a22001577a 450000500170000000800410001702000300005804100130008808200130010110000410011424500670015525000190022226000350024130000280027665000250030420231206091750.0231206b |||||||| |||| 00| 0 eng d a070215606 X ; 0702156132  aEnglish  a348 JUT  aJUTA LAW STATUTES EDITORS lEnglish  aJuta's Statutes of South Africa / cJUTA LAW STATUTES EDITORS  aTenth Edition  aCape Town : bJuta Law, c2000 b446 pages ; c26,5 cm.  aLegal practice bLaw